Kỹ thuật an toàn vệ sinh lao động

Uloženo v:
Podrobná bibliografie
Hlavní autor: Đỗ, Thị Ngọc Khánh
Médium: Kniha
Jazyk:Undetermined
Vydáno: Tp. HCM ĐHQG 2003
Témata:
Tagy: Přidat tag
Žádné tagy, Buďte první, kdo otaguje tento záznam!
Thư viện lưu trữ: Trung tâm Học liệu Trường Đại học Cần Thơ
LEADER 00555nam a2200181Ia 4500
001 CTU_56907
008 210402s9999 xx 000 0 und d
020 |c 395000 
082 |a 620.86 
082 |b Kh107 
100 |a Đỗ, Thị Ngọc Khánh 
245 0 |a Kỹ thuật an toàn vệ sinh lao động 
245 0 |c Đỗ Thị Ngọc Khánh và Huỳnh Phan Tùng 
260 |a Tp. HCM 
260 |b ĐHQG 
260 |c 2003 
650 |a industrial hygiene,industrial safety 
980 |a Trung tâm Học liệu Trường Đại học Cần Thơ